5 To 1: Countries of South America - Statistics

General Stats
  • This quiz has been taken 100 times
  • The average score is 36 of 40
Answer Stats
Question Tile Select % Correct
5 countries where Spanish is an official language Chile Yes
99%
5 countries where Spanish is an official language Suriname No
99%
5 countries where Spanish is an official language Argentina Yes
97%
2 countries that have a population less than 1 million Argentina No
97%
2 countries that have a population less than 1 million Chile No
97%
5 countries where Spanish is an official language Colombia Yes
97%
one country where Dutch is the official language Ecuador No
97%
5 countries where Spanish is an official language Guyana No
97%
one country where Dutch is the official language Paraguay No
97%
5 countries where Spanish is an official language Peru Yes
97%
one country where Dutch is the official language Peru No
97%
one country where Dutch is the official language Uruguay No
97%
one country where Dutch is the official language Venezuela No
97%
one country where Dutch is the official language Bolivia No
96%
2 countries that have a population less than 1 million Peru No
96%
2 countries that have a population less than 1 million Bolivia No
94%
5 countries where Spanish is an official language Ecuador Yes
94%
4 countries which border the Pacific Suriname No
94%
5 countries where Spanish is an official language Brazil No
93%
4 countries which border the Pacific Brazil No
93%
3 countries which do not consist part of the Amazon rainforest Brazil No
93%
4 countries which border the Pacific Chile Yes
93%
2 countries that have a population less than 1 million Suriname Yes
93%
4 countries which border the Pacific Ecuador Yes
92%
4 countries which border the Pacific Guyana No
92%
2 countries that have a population less than 1 million Uruguay No
92%
4 countries which border the Pacific Uruguay No
91%
2 countries that have a population less than 1 million Ecuador No
90%
4 countries which border the Pacific Peru Yes
89%
4 countries which border the Pacific Colombia Yes
88%
one country where Dutch is the official language Guyana No
88%
2 countries that have a population less than 1 million Guyana Yes
87%
one country where Dutch is the official language Suriname Yes
87%
3 countries which do not consist part of the Amazon rainforest Chile Yes
83%
3 countries which do not consist part of the Amazon rainforest Venezuela No
81%
3 countries which do not consist part of the Amazon rainforest Colombia No
80%
3 countries which do not consist part of the Amazon rainforest Suriname No
77%
3 countries which do not consist part of the Amazon rainforest Argentina Yes
72%
3 countries which do not consist part of the Amazon rainforest Peru No
69%
3 countries which do not consist part of the Amazon rainforest Paraguay Yes
51%
No matching quizzes found
Score Distribution
Percent of People with Each Score
Percentile by Number Answered
Your Score History
You have not taken this quiz